مكتبة جامعة عجلون الوطنية

فهرس بحث المكتبة

دليل البيت الامن (Record no. 31149)

MARC details
000 -LEADER
fixed length control field 00763nam a2200217Ii 4500
003 - CONTROL NUMBER IDENTIFIER
control field JO-AjNU
008 - FIXED-LENGTH DATA ELEMENTS--GENERAL INFORMATION
fixed length control field 230605s9999||||xx |||||||||||||| ||und||
017 ## - COPYRIGHT OR LEGAL DEPOSIT NUMBER
Copyright or legal deposit number 2010/11/4215
040 ## - CATALOGING SOURCE
Original cataloging agency JO-AjNU
Language of cataloging ara
Description conventions rda
Transcribing agency JO-AjNU
041 ## - LANGUAGE CODE
Language code of text/sound track or separate title ara
050 14 - LIBRARY OF CONGRESS CALL NUMBER
Classification number RA425.D34 2010
100 3# - MAIN ENTRY--PERSONAL NAME
Personal name المديرية العامة للدفاع المدني,
Relator term author
9 (RLIN) 61070
245 00 - TITLE STATEMENT
Title دليل البيت الامن
264 31 - PRODUCTION, PUBLICATION, DISTRIBUTION, MANUFACTURE, AND COPYRIGHT NOTICE
Place of production, publication, distribution, manufacture عمان: وزارة الثقافة، 2010
300 ## - PHYSICAL DESCRIPTION
Extent 111ص
336 ## - CONTENT TYPE
Content type term text
Content type code txt
Source rdacontent
337 ## - MEDIA TYPE
Media type term unmediated
Media type code n
Source rdamedia
338 ## - CARRIER TYPE
Carrier type term volume
Carrier type code nc
Source rdacarrier
490 0# - SERIES STATEMENT
Series statement القراءة للجميع/وزارة الثقافة/الاردن/2010
650 #4 - SUBJECT ADDED ENTRY--TOPICAL TERM
Topical term or geographic name entry element السلامة العامة - سلامة المساكن
9 (RLIN) 61071
Holdings
Withdrawn status Lost status Source of classification or shelving scheme Damaged status Not for loan Home library Current library Shelving location Date acquired Total Checkouts Full call number Barcode Date last seen Price effective from Koha item type
    Library of Congress Classification     مكتبة جامعة عجلون الوطنية مكتبة جامعة عجلون الوطنية المجموعات العامة 06/06/2023   RA425.D34 2010 A27581 06/06/2023 06/06/2023 Books